000 00458nam a2200157Ia 4500
008 240729s9999 xx 000 0 und d
022 _a2423-5717
245 0 _aJournal of Research & Health
260 _aIran, Islamic Republic of
260 _bGonabad University of Medical Sciences
650 _a Public aspects of medicine
650 _aMedicine
856 _uhttps://doaj.org/toc/908a0cb5929e4ee280cfdfa2ca0cb88f
942 _2ddc
942 _cDOAJEJ
999 _c65900
_d65900
945 _a1
_bMadushi Gamage
_c1
_dMadushi Gamage